000
00293nam a2200121Ia 4500
008
190216s9999||||xx |||||||||||||| ||und||
100
_a
Anup Rajput
245
0
_a
Mathematics: Text Book For Part. I
260
_b
Ncrt - Newdelhi
_c
2003
300
_a
414
650
_a
Mathematics
942
_c
REF
999
_c
36684
_d
36684